000 00476nam a2200181Ia 4500
005 20250317123426.0
008 008 250317s9999 xx 000 0 eng d
037 _aTextbook
040 _aFMSL
_beng
_cFMSL
041 _aeng
_2eng
084 _qFMSL
100 _aMoore P G
245 0 _aProgramming for optimal decisions
260 _aLondon
_bLondon, Penguin Books
_c1970
300 _a355p
942 _cTB
999 _c1251193
_d1251193